000 00628nam a2200193Ia 4500
005 20250326142158.0
008 250326s9999 xx 000 0 und d
020 _a0-670-89306-4
037 _aTextbook
040 _aFMSL
_beng
_cFMSL
041 _aeng
_2eng
084 _aX:74obD658(2:55) P0
_qFMSL
100 _aMccormack Mark H
245 0 _aStaying street smart in the internet age : what hasn't changed about the way we do business
_cMccormack Mark H
260 _aNew York
_bNew York, Penguin Group
_c2000
300 _axvii,286
942 _cTB
_hX:74obD658(2:55) P0
999 _c1293804
_d1293804